Network synergy (Record no. 510004)

000 -LEADER
fixed length control field 01823nam a2200193 4500
008 - FIXED-LENGTH DATA ELEMENTS--GENERAL INFORMATION
fixed length control field 190712b ||||| |||| 00| 0 eng d
100 ## - MAIN ENTRY--PERSONAL NAME
Personal name Hernandez, Exequiel
245 ## - TITLE STATEMENT
Title Network synergy
260 ## - PUBLICATION, DISTRIBUTION, ETC. (IMPRINT)
Date of publication, distribution, etc 2019
300 ## - PHYSICAL DESCRIPTION
Extent p.171-202.
520 ## - SUMMARY, ETC.
Summary, etc Acquisitions can dramatically reshape interorganizational networks by combining previously separate nodes and allowing the acquirer to inherit the target’s ties, potentially creating network synergy. Network synergy is the extent to which combining an acquirer’s and a target’s networks through node collapse results in a more favorable structural position for the combined firm as the acquirer gains control of the target’s existing ties. We hypothesize that the likelihood of selecting a target increases when the expected network synergy is greater. Using data from the biotechnology industry (1995–2007), we find support for this hypothesis by showing that acquirers prefer targets that generate greater expected increases in network status and greater expected access to structural holes—even when we control for other known sources of synergies. We further show that these effects are driven by complementary combinations of the acquirer’s and target’s networks that go beyond the attractiveness of the target’s network per se. By integrating the networks and acquisitions literatures, we introduce a novel source of synergies, provide evidence of a previously unexplored mechanism of network change, and show how firms can exert agency in the process of network change. - Reproduced.
650 ## - SUBJECT ADDED ENTRY--TOPICAL TERM
Topical term or geographic name as entry element Acquisition
9 (RLIN) 7039
650 ## - SUBJECT ADDED ENTRY--TOPICAL TERM
Topical term or geographic name as entry element Network analysis
9 (RLIN) 7040
650 ## - SUBJECT ADDED ENTRY--TOPICAL TERM
Topical term or geographic name as entry element Organisation and management
9 (RLIN) 7041
700 ## - ADDED ENTRY--PERSONAL NAME
Personal name Shaver, J. Myles
9 (RLIN) 7042
773 ## - HOST ITEM ENTRY
Main entry heading Administrative Science Quarterly
906 ## - LOCAL DATA ELEMENT F, LDF (RLIN)
Subject DIP Organisation
942 ## - ADDED ENTRY ELEMENTS (KOHA)
Source of classification or shelving scheme
Item type Articles
Holdings
Withdrawn status Lost status Source of classification or shelving scheme Damaged status Not for loan Permanent location Current location Date acquired Serial Enumeration / chronology Barcode Date last seen Koha item type
          Indian Institute of Public Administration Indian Institute of Public Administration 2019-07-12 64(1), Mar, 2019: p.171-202. AR120075 2019-07-12 Articles

Powered by Koha